000 00207 a2200097 4500
001 55250
100 _a
245 _aSpoken english
260 _aNew Delhi
_bAPH India
_c2007
090 _c34212
_d34212
942 _aNUST-CAE
_cMONOGRAPH
_c26906
999 _c290323
_d290323